00298 a2200109 450000100060000008200110000610000140001724500840003126000410011530000090015650000230016588438 aPR 653 aKhan, S.A aUtilization of wire screen to prevent seperation of boundary layer in diffusers aKarachibUniversity of Karachic1971 a35p. aBE Project Reports